Catálogo
 En Linea

El besamano : (Registro nro. 59493)

Detalles MARC
000 -CABECERA
campo de control de longitud fija 01393nam a2200325 i 4500
003 - IDENTIFICADOR DEL NÚMERO DE CONTROL
campo de control DO-SdBNP
005 - FECHA Y HORA DE LA ÚLTIMA TRANSACCIÓN
campo de control 20251016130121.0
007 - CAMPO FIJO DE DESCRIPCIÓN FÍSICA--INFORMACIÓN GENERAL
campo de control de longitud fija ta
008 - DATOS DE LONGITUD FIJA--INFORMACIÓN GENERAL
campo de control de longitud fija 251016b2025 dr ab||| |||| 00| 0 spa d
020 ## - NÚMERO INTERNACIONAL ESTÁNDAR DEL LIBRO
Número Internacional Estándar del Libro 9789945484786
040 ## - FUENTE DE LA CATALOGACIÓN
Centro catalogador/agencia de origen DO-SdBNP
Lengua de catalogación spa
Centro/agencia transcriptor BNPHU
Normas de descripción rda
041 ## - CÓDIGO DE LENGUA
Código de lengua del texto/banda sonora o título independiente spa
082 #4 - NÚMERO DE LA CLASIFICACIÓN DECIMAL DEWEY
Número de clasificación xxx
Número de documento/Ítem R457b
Número de edición 22
100 ## - ENTRADA PRINCIPAL--NOMBRE DE PERSONA
Nombre de persona Reyes Lemos, Jalinton
Fechas asociadas al nombre 1979-
Código de función/relación aut.
Término indicativo de función/relación autor
9 (RLIN) 88314
245 13 - MENCIÓN DE TÍTULO
Título El besamano :
Resto del título tradición y práctica de un matrimonio costumbrista dominicano /
Mención de responsabilidad, etc. Jalinton Reyes Lemos ; curaduría y cuidado de edición, Ramón Mesa ; corrección, Ysabel Florentino ; diagramación, René Arias ; prólogo, Carlos Andújar Persinal ; fotografías, Jalinton Reyes.
264 #4 - PRODUCCIÓN, PUBLICACIÓN, DISTRIBUCIÓN, FABRICACIÓN Y COPYRIGHT
Producción, publicación, distribución, fabricación y copyright Santo Domingo, República Dominicana :
Nombre del de productor, editor, distribuidor, fabricante Fundación Literaria Aníbal Montaño,
Fecha de producción, publicación, distribución, fabricación o copyright ©2025.
300 ## - DESCRIPCIÓN FÍSICA
Extensión 126 páginas :
Otras características físicas ilustraciones, mapas, retratos ;
Dimensiones 23 cm.
336 ## - TIPO DE CONTENIDO
Término de tipo de contenido texto
Código de tipo de contenido txt
Fuente rdacontent
337 ## - TIPO DE MEDIO
Nombre/término del tipo de medio sin mediación
Código del tipo de medio n
Fuente rdamedia
338 ## - TIPO DE SOPORTE
Nombre/término del tipo de soporte volumen
Código del tipo de soporte nc
Fuente rdacarrier
500 ## - NOTA GENERAL
Nota general Incluye datos biográficos del autor en las solapas.
504 ## - NOTA DE BIBLIOGRAFÍA, ETC.
Nota de bibliografía, etc. Bibliografía: páginas 101-104
590 ## - NOTA LOCAL (RLIN)
Nota local Inventariado, 2025 /LP
700 1# - PUNTO DE ACCESO ADICIONAL--NOMBRE DE PERSONA
Nombre de persona Mesa, Ramón,
Término indicativo de función/relación ed.
Código de función/relación editor
9 (RLIN) 43164
700 1# - PUNTO DE ACCESO ADICIONAL--NOMBRE DE PERSONA
Nombre de persona Florentino, Ysabel,
Término indicativo de función/relación corrector
Código de función/relación co.
9 (RLIN) 84897
700 1# - PUNTO DE ACCESO ADICIONAL--NOMBRE DE PERSONA
Nombre de persona Arias, René,
Término indicativo de función/relación ed.
Código de función/relación editor
9 (RLIN) 87899
700 1# - PUNTO DE ACCESO ADICIONAL--NOMBRE DE PERSONA
Nombre de persona Andújar Persinal, Carlos,
Término indicativo de función/relación prologuista
Código de función/relación pr.
9 (RLIN) 84596
910 ## - DATOS DE OPCIÓN DEL USUARIO (OCLC)
Datos de opción del usuario LP
942 ## - ELEMENTOS DE PUNTO DE ACCESO ADICIONAL (KOHA)
Fuente del sistema de clasificación o colocación Dewey Decimal Classification
Tipo de ítem Koha Libro
Existencias
Estado de retiro Estado de pérdida Fuente del sistema de clasificación o colocación Restricciones de uso No para préstamo Código de colección Localización permanente Ubicación/localización actual Ubicación en estantería Fecha de adquisición Fuente de adquisición Total de préstamos Signatura topográfica completa Código de barras Fecha visto por última vez Precio válido a partir de Tipo de ítem Koha Número de copia
    Dewey Decimal Classification Excluido de préstamo   Patrimonio Dominicano Biblioteca Nacional Pedro Henríquez Ureña Biblioteca Nacional Pedro Henríquez Ureña Depósito 16.06.2025 Depósito Legal   BNPHU PD xxx R457b 2025-6404 10.07.2025 10.07.2025 Libro  
    Dewey Decimal Classification Excluido de préstamo   Patrimonio Dominicano Biblioteca Nacional Pedro Henríquez Ureña Biblioteca Nacional Pedro Henríquez Ureña Depósito 16.06.2025 Depósito Legal   BNPHU PD xxx R457b 2025-6405 10.07.2025 10.07.2025 Libro e.2
    Dewey Decimal Classification Préstamo en sala   Dominicana de Servicio Biblioteca Nacional Pedro Henríquez Ureña Biblioteca Nacional Pedro Henríquez Ureña Depósito 16.06.2025 Depósito Legal   BNPHU DS xxx R457b 2025-6406 10.07.2025 10.07.2025 Libro e.3

Con tecnología Koha